| 000 | 02794cam a22006494i 4500 | ||
|---|---|---|---|
| 003 | PE-LiUPU | ||
| 005 | 20250731170454.0 | ||
| 008 | 150706s2010 mx a rb 000 0 spa d | ||
| 020 | _a9786074480627 | ||
| 035 | _a(Sirsi) i9786074480627 | ||
| 040 |
_aPE-LiUPU _bspa _cPE-LiUPU _erda |
||
| 049 | _aPRUA | ||
| 082 | 0 | 4 |
_a152.47 _bM42 _221 |
| 100 | 1 |
_aMendoza González, Brenda, _eautor. |
|
| 245 | 1 | 0 |
_aManual de autocontrol del enojo : _btratamiento cognitivo-conductual / _cBrenda Mendoza González. |
| 264 | 1 |
_aMéxico : _bManual Moderno, _c2010. |
|
| 300 |
_a98 páginas : _bilustraciones ; _c27 centímetros. |
||
| 336 |
_atext _2rdacontent |
||
| 337 |
_aunmediated _2rdamedia |
||
| 338 |
_avolume _2rdacarrier |
||
| 504 | _aIncluye referencias bibliograficas. | ||
| 505 | 0 | _aMarco Teórico -- Evidencia empírica -- ¿Qué es el enojo? -- ¿Cómo le hago para relajarme? -- Aprendiendo otra forma de relajación -- ¿Cómo digo lo que me gusta? -- Y si me enojo ¿cómo lo digo -- Aprendiendo a escuchar -- Botellita de jerez, todo lo que digas será al revés -- Solución de problemas 1 -- Soluclión de problemas 2 (yo decido) -- Solución de problemas 3 (Un trato con mis padres) -- Registro diario de conducta en casa -- Guías para desarrollar el ensayo conductual viñetas). | |
| 526 | _aSEG68 | ||
| 526 | _aSEG70 | ||
| 526 | _aSEG69 | ||
| 526 | _aSEG67 | ||
| 526 | _aSEG43 | ||
| 526 | _aP144 | ||
| 526 | _aP143 | ||
| 526 | _aP131 | ||
| 526 | _aP122 | ||
| 526 | _aP120 | ||
| 526 | _aP117 | ||
| 526 | _aP112 | ||
| 526 | _aP110 | ||
| 526 | _aP106 | ||
| 526 | _aP101 | ||
| 526 | _aP80 | ||
| 526 | _aP59 | ||
| 526 | _aP54 | ||
| 526 | _aP35 | ||
| 526 | _aP33 | ||
| 526 | _aP30 | ||
| 541 | _g044-0008309; | ||
| 541 | _g044-0008309; | ||
| 650 | 0 | 4 | _aEnojo en niños. |
| 650 | 0 | 4 | _aConflicto (Psicología) en niños. |
| 650 | 0 | 4 | _aCambio de actitud en niños. |
| 910 | _agl2012 | ||
| 942 |
_2ddc _cBOOK |
||
| 949 |
_a152.47 M42 _wDEWEY _c1 _i65306 _lCCODEBUL1 _mBUL _p16.00 _r0 _sY _tBOOK _u2015-7-6 _xSALUD _PP33 _o.STAFF. Colección General |
||
| 949 |
_a152.47 M42 _wDEWEY _c2 _i65307 _lCCODEBUL1 _mBUL _p16.00 _r0 _sY _tBOOK _u2015-7-6 _xSALUD _PP33 _o.STAFF. Colección General |
||
| 994 |
_aC0 _bPEPRU |
||
| 596 | _a1 | ||
| 999 |
_a152.47 M42 _wDEWEY _c53888 _i65306 _d53888 _e2017-8-17 _f2021-11-3 _g5 _lCCODEBUL1 _mBUL _n6 _p16.00 _q1 _r0 _sY _tBOOK _u2015-7-6 _xSALUD _PP33 _0COMPRA _o.STAFF. Colección Ciencias de la Salud |
||
| 999 |
_a152.47 M42 _wDEWEY _c2 _i65307 _d2017-11-21 _e2017-11-17 _f2021-11-3 _g5 _lCCODEBUL1 _mBUL _n9 _p16.00 _r0 _sY _tBOOK _u2015-7-6 _xSALUD _PP33 _0COMPRA _o.STAFF. Colección Ciencias de la Salud |
||
| 980 |
_81 _gALBERTO SANCHEZ Responsable de Automatización |
||